00905nam a22002657a 450000500170000000800410001701000100005801100100006803500100007808200160008810000300010424500830013426000360021730000290025350000130028259000410029559000420033665000220037870000350040090100070043594900620044294900620050494900560056699900170062220220329141301.0971010s1987 r 00010 d a65752 a66724 a75532 a638.12bP6900aPozo, Eduardo del.991204 aApicultura lucrativab: métodos prácticos para instalar y atender colmenas aBuenos Aires :bAlbatros,c1987 a184 p.b: ilus. ; láms a1992-283 aBATCH-UPDb10c20130110lUCH01h0738 aCONVERSIONb10c20130109lUCH01h133614aApicultura.962410 aSchopflocher, Roberto.9103146 aBK a638.12 P69bZAcLIBROd-69557eLIBROfc.2h6088i75532si a638.12 P69bZAcLIBROd-69559eLIBROfc.3h6089i75532si a638.12 P69bZAcLIBROd-8478eLIBROh6087i75532si c65752d65752